000 00684nam a2200253Ia 4500
003 OSt
005 20220918192603.0
006 a|||||r|||| 00| 0
007 ta
008 220917b |||||||| |||| 00| 0 eng d
024 _a69,190
037 _cTextual
040 _aARTS
_cARTS
_beng
041 _2eng
_aeng
082 _aQ4v236.H<-B9, M5
100 _aMoray M S
_979521
245 0 _aHistory of Buddhism in Gujrat
260 _aAhmedabad
_bSaraswati Pustak Bhandar
_c1985
300 _aviii,145p.
_ccm.
500 _aBib 129-32p; Appendix 20-28p
650 _aRELIGION
942 _hQ4v236.H<-B9, M5
_cTEXL
_2CC
999 _c195353
_d195353